Statistiken für Alle Exklaven der Schweiz auf einer Karte

Klicken Sie hier um das Quiz zu spielen!

Allgemein

  • Dieses Quiz wurde 78 mal gespielt
  • Das Durchschnittsergebnis liegt bei 8 aus 24

Antworten auf der Karte

Die Antworten werden auf der Karte rot bzw. grün angezeigt, abhängig davon wie oft sie richtig erraten wurden.
 

Antwortstatistiken

Exklave / Enklave von ...Exklave / Enklave% Korrekt
Deutschland
Büsingen am Hochrhein
72%
ObwaldenEngelberg
66%
ItalienCampione d’Italia
58%
SchaffhausenBuch | Hemishofen | Ramsen |
Stein am Rhein
50%
FreiburgEstavayer (Vuissens)
50%
FreiburgChâtillon | Cheyres-Châbles | Cugy |
Estavayer | Fétigny | Les Montets |
Lully | Ménières | Nuvilly | Sévaz
48%
ThurgauHorn
40%
AargauKloster {Fahr}
38%
WaadtAvenches | Cudrefin | Faoug |
Vully-les-Lacs
34%
SchaffhausenBuchberg | Rüdlingen
34%
SolothurnKleinlützel
34%
SolothurnAeschi (Steinhof)
32%
SolothurnBättwil | Hofstetten-Flüh | Metzerlen-
Mariastein | Rodersdorf | Witterswil
32%
BernMünchenwiler
32%
Appenzell-InnerrhodenOberegg
30%
BernClavaleyres
28%
Basel-LandschaftRoggenburg
28%
BernSchelten
28%
GenfCéligny
24%
FreiburgPrévondavaux | Surpierre
20%
FreiburgGurmels (Wallenbuch)
16%
Appenzell-InnerrhodenKloster {Wonnenstein}
16%
Appenzell-InnerrhodenKloster {Grimmenstein}
10%
St. GallenRaach 437, 9315 Winden
8%

Verteilung der Resultate

Perzentil nach korrekt beantworteten Fragen

Anzahl Personen mit jedem Resultat

Ihre Resultats-Entwicklung

Sie haben dieses Quiz noch nicht gespielt